[Event "ROM-chT (Women)"]
[Site "Eforie Nord"]
[Date "2023.09.23"]
[Round "1.2"]
[White "Patru, Alexandra Ioana"]
[Black "Cosma, Elena Luminita"]
[Result "0-1"]
[WhiteElo "1728"]
[BlackElo "2224"]
[PlyCount "118"]
[EventDate "2023.09.23"]
[EventType "team-tourn"]
[EventRounds "7"]
[EventCountry "ROU"]
[SourceTitle "EXT 2024"]
[Source "ChessBase"]
[SourceDate "2023.10.10"]
[SourceVersion "1"]
[SourceVersionDate "2023.10.10"]
[SourceQuality "1"]
[WhiteTeam "Ploiesti (W)"]
[BlackTeam "Bucharest ASE (W)"]
[WhiteTeamCountry "ROU"]
[BlackTeamCountry "ROU"]

1. d4 d5 2. Nf3 Nf6 3. e3 e6 4. Bd3 c5 5. 0-0 Nc6 6. b3 Bd6 7. Bb2 cxd4 8. exd4 0-0 9. c4 b6 10. Nc3 Ba6 11. cxd5 Bxd3 12. Qxd3 Nb4 13. Qd2 Nbxd5 14. Nxd5 Nxd5 15. Ne5 Rc8 16. Rac1 h6 17. h3 Rc7 18. Rc4 b5 19. Rxc7 Qxc7 20. Rc1 Qb7 21. Nd3 Rd8 22. Nc5 Qb6 23. Qe2 Be7 24. Nd3 a6 25. Ne5 Bf6 26. Qh5 Qb7 27. Rd1 Nf4 28. Qf3 Qxf3 29. Nxf3 Rc8 30. Kf1 Rc2 31. Rd2 Rxd2 32. Nxd2 Nd3 33. Bc3 b4 34. Ba1 Nc1 35. Ne4 Nxa2 36. Nc5 a5 37. Nb7 Nc3 38. Nxa5 Bxd4 39. Nc6 Bc5 40. Bxc3 bxc3 41. Ke2 Bxf2 42. Kd3 Kf8 43. Kxc3 Ke8 44. Kc4 f6 45. b4 Kd7 46. b5 Bb6 47. Nb4 Kd6 48. Nd3 e5 49. Nb4 e4 50. Nd5 e3 51. Nc3 f5 52. Ne2 g5 53. g3 Ke5 54. Kd3 f4 55. gxf4+ gxf4 56. Ng1 Kd5 57. Ne2 f3 58. Nc3+ Ke5 59. Na4 e2 0-1

[Event "ROM-ch blitz (Women)"]
[Site "Bucharest"]
[Date "2022.03.13"]
[Round "3"]
[White "Patru, Alexandra Ioana"]
[Black "Lolici, Iselin Amanda"]
[Result "1-0"]
[WhiteElo "1514"]
[BlackElo "1888"]
[PlyCount "73"]
[EventDate "2022.03.13"]
[EventType "swiss (blitz)"]
[EventRounds "9"]
[EventCountry "ROU"]
[SourceTitle "EXT 2023"]
[Source "ChessBase"]
[SourceDate "2022.10.05"]
[SourceVersion "1"]
[SourceVersionDate "2022.10.05"]
[SourceQuality "1"]

1. d4 Nf6 2. Nf3 e6 3. e3 Bb4+ 4. c3 Be7 5. Bd3 d5 6. 0-0 0-0 7. Nbd2 c5 8. e4 dxe4 9. Nxe4 Nxe4 10. Bxe4 Nc6 11. d5 exd5 12. Bxd5 Bg4 13. h3 Bh5 14. Bf4 Bf6 15. g4 Bg6 16. Qd2 Qb6 17. Rad1 Rad8 18. Qc1 Ne7 19. Bc4 Qc6 20. Ne5 Qc8 21. Nxg6 Nxg6 22. Bg3 a6 23. Bb3 b5 24. Qe3 Rfe8 25. Qf3 Ne5 26. Qg2 Nd3 27. f4 c4 28. Bc2 Qc5+ 29. Kh2 a5 30. Bxd3 Rxd3 31. Bf2 Qc7 32. Bg3 Red8 33. Rxd3 cxd3 34. Rd1 Qd7 35. Rd2 g6 36. Qf3 b4 37. cxb4 1-0

[Event "ROM-ch Rapid (Women)"]
[Site "Bucharest"]
[Date "2022.03.12"]
[Round "4"]
[White "Patru, Alexandra Ioana"]
[Black "Dobre, Ana Margareta Alexa"]
[Result "1-0"]
[WhiteElo "1683"]
[BlackElo "1857"]
[PlyCount "57"]
[EventDate "2022.03.11"]
[EventType "swiss (rapid)"]
[EventRounds "9"]
[EventCountry "ROU"]
[SourceTitle "CBM 207 Extra"]
[Source "ChessBase"]
[SourceDate "2022.05.31"]
[SourceVersion "1"]
[SourceVersionDate "2022.05.31"]
[SourceQuality "1"]

1. e4 e6 2. d4 d5 3. Nd2 Be7 4. e5 c5 5. c3 Nc6 6. Ndf3 Qb6 7. Bd3 cxd4 8. cxd4 Bb4+ 9. Bd2 Bd7 10. Ne2 Nge7 11. a3 Bxd2+ 12. Qxd2 a5 13. 0-0 a4 14. Qg5 Ng6 15. h4 Qd8 16. Qg3 0-0 17. h5 Nge7 18. h6 g6 19. Nf4 Kh8 20. Ng5 Nxd4 21. Nh5 Nef5 22. Qg4 Nxh6 23. Qxd4 Qxg5 24. Nf6 Bc6 25. f4 Qh4 26. Rf3 g5 27. Rh3 Qxf4 28. Qxf4 gxf4 29. Rxh6 1-0

[Event "ROM-ch U18 Girls"]
[Site "Mamaia"]
[Date "2021.04.09"]
[Round "4"]
[White "Lehaci, Miruna Daria"]
[Black "Patru, Alexandra Ioana"]
[Result "1-0"]
[WhiteElo "2188"]
[BlackElo "1656"]
[PlyCount "63"]
[EventDate "2021.04.07"]
[EventType "swiss"]
[EventRounds "9"]
[EventCountry "ROU"]
[SourceTitle "EXT 2022"]
[Source "ChessBase"]
[SourceDate "2021.10.06"]
[SourceVersion "1"]
[SourceVersionDate "2021.10.06"]
[SourceQuality "1"]

1. e4 e5 2. Nf3 Nc6 3. Bc4 Bc5 4. c3 Nf6 5. d4 exd4 6. cxd4 Bb4+ 7. Nc3 Nxe4 8. 0-0 Bxc3 9. d5 Ba5 10. dxc6 bxc6 11. Qa4 Nd6 12. Qxa5 Nxc4 13. Qc3 0-0 14. Qxc4 a5 15. Re1 Ba6 16. Qc2 Qf6 17. Bd2 d5 18. Bc3 Qd6 19. Be5 Qh6 20. Rac1 Bb7 21. Nd4 Rfe8 22. Nf5 Qg5 23. h4 Qg4 24. Bxg7 Qb4 25. Bc3 Qf8 26. Qd3 Re6 27. h5 c5 28. Qg3+ Rg6 29. hxg6 fxg6 30. Ne7+ Kf7 31. Qf4+ Ke8 32. Nxg6+ 1-0

[Event "ROM-chT (Women)"]
[Site "Mamaia"]
[Date "2019.09.28"]
[Round "6.3"]
[White "Firaru, Roxana Maria"]
[Black "Patru, Alexandra Ioana"]
[Result "1-0"]
[WhiteElo "1909"]
[BlackElo "1577"]
[PlyCount "65"]
[EventDate "2019.09.21"]
[EventType "team-tourn"]
[EventRounds "7"]
[EventCountry "ROU"]
[SourceTitle "EXT 2020"]
[Source "ChessBase"]
[SourceDate "2019.10.17"]
[SourceVersion "1"]
[SourceVersionDate "2019.10.17"]
[SourceQuality "1"]

1. e4 c5 2. Nf3 d6 3. d4 cxd4 4. Nxd4 Nf6 5. Nc3 a6 6. Be3 e6 7. f3 b5 8. g4 Bb7 9. Qd2 h6 10. h4 Nbd7 11. 0-0-0 Nb6 12. Rg1 Nfd7 13. Qf2 Ne5 14. Nxe6 fxe6 15. Bxb6 Qf6 16. Be2 Be7 17. g5 hxg5 18. hxg5 Qf7 19. Be3 Rc8 20. Rh1 Rf8 21. Rh4 Nc4 22. Bxc4 Rxc4 23. Rf4 Qg6 24. Rxf8+ Kxf8 25. Qg3 b4 26. Ne2 d5 27. Nf4 Qf7 28. Rh1 Ke8 29. Nd3 Bf8 30. exd5 exd5 31. Qe5+ Be7 32. Rh8+ Kd7 33. Qb8 1-0

[Event "ROM-chT (Women)"]
[Site "Mamaia"]
[Date "2019.09.27"]
[Round "5.11"]
[White "Patru, Alexandra Ioana"]
[Black "Pelin, Ana Maria"]
[Result "0-1"]
[WhiteElo "1577"]
[BlackElo "1901"]
[PlyCount "110"]
[EventDate "2019.09.21"]
[EventType "team-tourn"]
[EventRounds "7"]
[EventCountry "ROU"]
[SourceTitle "EXT 2020"]
[Source "ChessBase"]
[SourceDate "2019.10.17"]
[SourceVersion "1"]
[SourceVersionDate "2019.10.17"]
[SourceQuality "1"]

1. d4 d5 2. Nf3 Nf6 3. e3 c5 4. Bd3 Nc6 5. a3 Bg4 6. c3 e6 7. Nbd2 Rc8 8. h3 Bh5 9. 0-0 Be7 10. Re1 0-0 11. dxc5 Bxc5 12. b4 Ne5 13. Be2 Nxf3+ 14. Nxf3 Bb6 15. Bb2 Ne4 16. Rc1 Nd6 17. Nd2 Bxe2 18. Qxe2 Nc4 19. Nxc4 Rxc4 20. a4 Qf6 21. Red1 a6 22. Rc2 Rfc8 23. Qd3 Qg6 24. Qxg6 hxg6 25. Rdc1 Bd8 26. a5 Be7 27. Ba3 Bf6 28. Bb2 e5 29. Kf1 Be7 30. Rd2 d4 31. exd4 exd4 32. Re1 dxc3 33. Bxc3 Bxb4 34. Bxb4 Rxb4 35. Rd7 Rb2 36. Rd3 Rc5 37. Ra3 f6 38. Rd1 Rcc2 39. Rf3 Ra2 40. g3 Rxa5 41. Rd8+ Kh7 42. Rd7 Rb2 43. Rxf6 Rf5 44. Rxf5 gxf5 45. Rd5 g6 46. g4 fxg4 47. hxg4 Kh6 48. Kg2 b5 49. Kg3 a5 50. f4 Rb3+ 51. Kh4 a4 52. Rd7 g5+ 53. fxg5+ Kg6 54. Rd6+ Kg7 55. Kh5 Rh3# 0-1

[Event "Jupiter Fisca op"]
[Site "Jupiter"]
[Date "2019.06.22"]
[Round "1"]
[White "Baratosi, Daniel"]
[Black "Patru, Alexandra Ioana"]
[Result "1-0"]
[WhiteElo "2355"]
[BlackElo "1718"]
[PlyCount "47"]
[EventDate "2019.06.22"]
[EventType "swiss"]
[EventRounds "9"]
[EventCountry "ROU"]
[SourceTitle "CBM 191 Extra"]
[Source "ChessBase"]
[SourceDate "2019.09.30"]
[SourceVersion "1"]
[SourceVersionDate "2019.09.30"]
[SourceQuality "1"]

1. e4 c5 2. Nf3 d6 3. d4 cxd4 4. Nxd4 Nf6 5. Nc3 a6 6. Bg5 e6 7. f4 Nbd7 8. Qf3 Qc7 9. 0-0-0 b5 10. Bd3 Bb7 11. Rhe1 Rc8 12. Kb1 b4 13. Nd5 Qa5 14. Qh3 Be7 15. Nxe6 fxe6 16. Qxe6 Qd8 17. Bxf6 Nxf6 18. Nxf6+ gxf6 19. e5 Kf8 20. Bxa6 Bxa6 21. exd6 Bxd6 22. Rxd6 Qc7 23. Qxf6+ Kg8 24. Qg5+ 1-0

[Event "ROM-chT (Women)"]
[Site "Sovata"]
[Date "2018.11.27"]
[Round "3.3"]
[White "Patru, Alexandra Ioana"]
[Black "Lehaci, Miruna Daria"]
[Result "0-1"]
[WhiteElo "1631"]
[BlackElo "2067"]
[PlyCount "82"]
[EventDate "2018.11.25"]
[EventType "team-tourn"]
[EventRounds "7"]
[EventCountry "ROU"]
[SourceTitle "CBM 187 Extra"]
[Source "ChessBase"]
[SourceDate "2018.11.04"]
[SourceVersion "1"]
[SourceVersionDate "2018.11.04"]
[SourceQuality "1"]
[WhiteTeam "Ploiesti CSU (W)"]
[BlackTeam "Iasi Politehnica (W)"]
[WhiteTeamCountry "ROU"]
[BlackTeamCountry "ROU"]

1. d4 Nf6 2. Nf3 g6 3. c4 Bg7 4. g3 0-0 5. Bg2 d5 6. b3 dxc4 7. bxc4 c5 8. e3 Qc7 9. Nbd2 cxd4 10. exd4 Bf5 11. Bb2 Nc6 12. a3 Na5 13. Qe2 Qb6 14. Bc3 Nb3 15. Nxb3 Qxb3 16. Qb2 Qxc4 17. Ne5 Qc7 18. Rc1 Be4 19. Bxe4 Nxe4 20. Bb4 Qd8 21. 0-0 Bf6 22. Rc2 Ng5 23. f4 Ne6 24. Rd2 Qd5 25. Rfd1 Rfd8 26. Qc3 a5 27. Bc5 Rdc8 28. Qf3 Qxf3 29. Nxf3 Nxc5 30. dxc5 Rxc5 31. Rd3 Rac8 32. a4 Rc1 33. Rxc1 Rxc1+ 34. Kg2 Ra1 35. Rb3 Ra2+ 36. Kf1 Rxa4 37. Rxb7 Ra2 38. Ra7 a4 39. h4 a3 40. Ne1 Bd4 41. Nd3 Bxa7 0-1

[Event "ROM-chT (Women)"]
[Site "Sovata"]
[Date "2018.11.25"]
[Round "1.2"]
[White "Patru, Alexandra Ioana"]
[Black "Matasaru, Stephanie"]
[Result "1/2-1/2"]
[WhiteElo "1631"]
[BlackElo "1859"]
[PlyCount "125"]
[EventDate "2018.11.25"]
[EventType "team-tourn"]
[EventRounds "7"]
[EventCountry "ROU"]
[SourceTitle "CBM 187 Extra"]
[Source "ChessBase"]
[SourceDate "2018.11.04"]
[SourceVersion "1"]
[SourceVersionDate "2018.11.04"]
[SourceQuality "1"]
[WhiteTeam "Ploiesti CSU (W)"]
[BlackTeam "Sanandrei (W)"]
[WhiteTeamCountry "ROU"]
[BlackTeamCountry "ROU"]

1. d4 Nf6 2. Nf3 g6 3. c4 Bg7 4. g3 0-0 5. Bg2 d6 6. 0-0 Nbd7 7. Nc3 e5 8. e4 c6 9. h3 Qa5 10. Re1 exd4 11. Nxd4 Ne5 12. Bf1 Re8 13. f4 Ned7 14. Kh2 Qh5 15. Nf3 Nc5 16. e5 dxe5 17. Nxe5 Qxd1 18. Rxd1 Bf5 19. Be3 Ncd7 20. Bd4 c5 21. Nxd7 cxd4 22. Nxf6+ Bxf6 23. Nd5 Bd8 24. Rxd4 Kg7 25. g4 Be6 26. Re1 Ba5 27. b4 Bxd5 28. Rxe8 Rxe8 29. cxd5 Bb6 30. Rc4 Re1 31. Bg2 Ra1 32. Rc2 Rb1 33. Rc4 Rd1 34. a4 h5 35. Kg3 h4+ 36. Kf3 Rd2 37. a5 Bg1 38. Bh1 Rxd5 39. Ke2 Rd7 40. Rc1 Bd4 41. Rd1 Re7+ 42. Kd3 Bf2 43. Kc4 Rc7+ 44. Kb3 Be3 45. Rf1 Rd7 46. f5 b6 47. axb6 axb6 48. fxg6 fxg6 49. Bc6 Rd6 50. Bb5 Bg5 51. Re1 Rf6 52. Re7+ Kh6 53. Be2 Rd6 54. Re4 Rc6 55. Bc4 Rf6 56. Be2 Bd2 57. g5+ Bxg5 58. Bg4 Rd6 59. Kc4 Rf6 60. Kb5 Bd2 61. Kc4 Rf4 62. Rxf4 Bxf4 63. b5 1/2-1/2

[Event "ROM-ch U14 Girls"]
[Site "Calimanesti"]
[Date "2018.03.29"]
[Round "4"]
[White "Patru, Alexandra Ioana"]
[Black "Ciolacu, Alessia Mihaela"]
[Result "1/2-1/2"]
[WhiteElo "1536"]
[BlackElo "1926"]
[PlyCount "88"]
[EventDate "2018.03.27"]
[EventType "swiss"]
[EventRounds "9"]
[EventCountry "ROU"]
[SourceTitle "EXT 2019"]
[Source "ChessBase"]
[SourceDate "2018.10.10"]
[SourceVersion "1"]
[SourceVersionDate "2018.10.10"]
[SourceQuality "1"]

1. d4 Nf6 2. Nf3 b6 3. e3 Bb7 4. Bd3 g6 5. 0-0 Bg7 6. Nbd2 c5 7. b3 0-0 8. Bb2 Nc6 9. a3 Nh5 10. Rb1 e6 11. c4 cxd4 12. exd4 d5 13. Ne5 Nxe5 14. dxe5 Nf4 15. Nf3 Nxd3 16. Qxd3 dxc4 17. Qxc4 Bxf3 18. gxf3 Rc8 19. Qe4 Qg5+ 20. Qg4 Qe7 21. Qe4 Rfd8 22. Rfd1 Rc5 23. f4 Rcd5 24. Rxd5 Rxd5 25. Rc1 Qd7 26. Qc2 Bh6 27. Qc8+ Kg7 28. Qxd7 Rxd7 29. Rc4 Rd1+ 30. Kg2 Rb1 31. Bc3 Rxb3 32. Bb4 g5 33. fxg5 Bxg5 34. Rg4 Kh6 35. f4 Bd8 36. Rg8 Rd3 37. Bd6 Bh4 38. Bf8+ Kh5 39. Rg7 Rd2+ 40. Kh3 Rd3+ 41. Kg2 Rd2+ 42. Kh3 Rd3+ 43. Kg2 Rd2+ 44. Kh3 Rd3+ 1/2-1/2

[Event "ROM-ch U14 Girls"]
[Site "Calimanesti"]
[Date "2018.03.28"]
[Round "2"]
[White "Patru, Alexandra Ioana"]
[Black "Trifoi, Mihaela Ioana"]
[Result "1/2-1/2"]
[WhiteElo "1536"]
[BlackElo "1834"]
[PlyCount "92"]
[EventDate "2018.03.27"]
[EventType "swiss"]
[EventRounds "9"]
[EventCountry "ROU"]
[SourceTitle "EXT 2019"]
[Source "ChessBase"]
[SourceDate "2018.10.10"]
[SourceVersion "1"]
[SourceVersionDate "2018.10.10"]
[SourceQuality "1"]

1. d4 d5 2. Nf3 Nf6 3. e3 e6 4. Bd3 Be7 5. Nbd2 c5 6. b3 0-0 7. Ne5 b6 8. 0-0 Bb7 9. Bb2 Nbd7 10. f4 Ne4 11. Nxe4 dxe4 12. Bc4 Nf6 13. f5 Bd5 14. Bxd5 Qxd5 15. c4 Qd6 16. Qe2 Rad8 17. Rad1 Qc7 18. g4 Nd7 19. Qg2 Nxe5 20. dxe5 Rxd1 21. Rxd1 Rd8 22. Rf1 Qb7 23. f6 Bf8 24. g5 Rd3 25. Qe2 Qd7 26. Rf2 Rd1+ 27. Kg2 Qd3 28. Qxd3 Rxd3 29. Re2 gxf6 30. gxf6 Bh6 31. Kf2 Kf8 32. Bc1 Rc3 33. Bd2 Rc2 34. Be1 Rxe2+ 35. Kxe2 Ke8 36. Bg3 Bg5 37. h4 Bh6 38. a3 Bf8 39. Be1 a5 40. a4 h5 41. Bg3 Kd7 42. Bf4 Ke8 43. Bg5 Kd7 44. Kf2 Kc6 45. Kg3 Kd7 46. Kf4 Kc6 1/2-1/2

[Event "ROM-ch U14 Girls"]
[Site "Calimanesti"]
[Date "2018.03.27"]
[Round "1"]
[White "Bajenaru, Bianca Emiliana"]
[Black "Patru, Alexandra Ioana"]
[Result "0-1"]
[WhiteElo "1141"]
[BlackElo "1536"]
[PlyCount "78"]
[EventDate "2018.03.27"]
[EventType "swiss"]
[EventRounds "9"]
[EventCountry "ROU"]
[SourceTitle "EXT 2019"]
[Source "ChessBase"]
[SourceDate "2018.10.10"]
[SourceVersion "1"]
[SourceVersionDate "2018.10.10"]
[SourceQuality "1"]

1. e4 e5 2. Nf3 Nc6 3. Bc4 Bc5 4. Nc3 Nf6 5. 0-0 d6 6. h3 Be6 7. Bb3 0-0 8. d3 h6 9. Be3 Bb6 10. Na4 d5 11. Nxb6 axb6 12. exd5 Nxd5 13. Re1 Qd6 14. Bd2 Rfe8 15. a3 Kh7 16. Qe2 f6 17. Nh4 Nde7 18. Bxe6 Qxe6 19. c3 Qf7 20. Rad1 Rad8 21. Be3 f5 22. Qc2 Kh8 23. Re2 Rd7 24. Bc1 Red8 25. Nf3 Ng6 26. Ree1 Rd6 27. Be3 Qd7 28. d4 e4 29. Nh2 Nce5 30. Rd2 Nd3 31. Red1 f4 32. Bxf4 Ngxf4 33. Nf1 Rg6 34. Ng3 Qe7 35. Nf5 Rxg2+ 36. Kh1 Qg5 37. Ne3 Qg6 38. Rf1 Qh5 39. Nxg2 Qxh3+ 0-1

[Event "Braila Albulet Memorial (Women) 10th"]
[Site "Braila"]
[Date "2017.10.11"]
[Round "6"]
[White "Patru, Alexandra Ioana"]
[Black "Didiliuc, Dariana Gabriela"]
[Result "0-1"]
[WhiteElo "1623"]
[BlackElo "1779"]
[PlyCount "84"]
[EventDate "2017.10.07"]
[EventType "swiss"]
[EventRounds "9"]
[EventCountry "ROU"]
[SourceTitle "CBM 181 Extra"]
[Source "ChessBase"]
[SourceDate "2017.12.12"]
[SourceVersion "1"]
[SourceVersionDate "2017.12.12"]
[SourceQuality "1"]

1. d4 Nf6 2. Nf3 g6 3. c4 Bg7 4. Nc3 0-0 5. g3 d6 6. Bg2 Nc6 7. 0-0 a6 8. h3 Rb8 9. e4 b5 10. Qd3 Nb4 11. Qe2 bxc4 12. Qxc4 Nxe4 13. Qe2 Nf6 14. a3 Nbd5 15. Nd2 Bb7 16. Nc4 Qd7 17. Qc2 Nxc3 18. Qxc3 Bxg2 19. Kxg2 Nd5 20. Qd3 Qb5 21. a4 Qc6 22. f3 Rb4 23. Ne3 Rxd4 24. Qb3 e6 25. Nxd5 Rxd5 26. Be3 Qa8 27. Qc2 c5 28. Rad1 Rb8 29. b3 Qb7 30. Rb1 Qb4 31. Rfd1 Rxd1 32. Qxd1 d5 33. Bd2 Bc3 34. Bxc3 Qxc3 35. h4 Qb4 36. Qe2 c4 37. Qd1 cxb3 38. Rb2 Qxa4 39. Qc1 Qb4 40. Qc7 a5 41. Qc1 a4 42. Rb1 a3 0-1

[Event "ROM-ch U14 Girls"]
[Site "Baile Felix"]
[Date "2017.02.02"]
[Round "1"]
[White "Patru, Alexandra Ioana"]
[Black "Lupascu, Diana Elena"]
[Result "1/2-1/2"]
[WhiteElo "1444"]
[BlackElo "1604"]
[PlyCount "58"]
[EventDate "2017.02.02"]
[EventType "swiss"]
[EventRounds "9"]
[EventCountry "ROU"]
[SourceTitle "CBM 176 Extra"]
[Source "ChessBase"]
[SourceDate "2017.03.02"]
[SourceVersion "1"]
[SourceVersionDate "2017.03.02"]
[SourceQuality "1"]

1. d4 Nf6 2. Nf3 e6 3. e3 c5 4. c3 d5 5. Bd3 Nbd7 6. Nbd2 g6 7. 0-0 Bg7 8. Re1 0-0 9. e4 dxe4 10. Nxe4 cxd4 11. cxd4 Qe7 12. Bf4 Nxe4 13. Bxe4 Nf6 14. Bc2 b6 15. Bb3 Bb7 16. Rc1 Rac8 17. Qe2 Qb4 18. Red1 Rfd8 19. Be5 Qe7 20. h3 Bh6 21. Rxc8 Rxc8 22. Bc2 Nd7 23. Be4 Bxe4 24. Qxe4 Nxe5 25. Nxe5 Qc7 26. Ng4 Bg7 27. Ne3 Rd8 28. b3 Qd7 29. d5 Qb7 1/2-1/2

[Event "World School-ch U13 Girls"]
[Site "Sochi"]
[Date "2016.12.10"]
[Round "8"]
[White "Aysultanova, Dilnaz"]
[Black "Patru, Alexandra Ioana"]
[Result "0-1"]
[WhiteElo "1153"]
[BlackElo "1486"]
[PlyCount "58"]
[EventDate "2016.12.03"]
[EventType "swiss"]
[EventRounds "9"]
[EventCountry "RUS"]
[SourceTitle "EXT 2018"]
[Source "ChessBase"]
[SourceDate "2017.10.13"]
[SourceVersion "1"]
[SourceVersionDate "2017.10.13"]
[SourceQuality "1"]

1. e4 e5 2. Nf3 Nc6 3. Bc4 Bc5 4. Nc3 Nf6 5. h3 0-0 6. d3 h6 7. a3 d6 8. 0-0 Be6 9. Nd5 Bxd5 10. Bxd5 Nxd5 11. exd5 Ne7 12. c4 Bb6 13. d4 e4 14. Nd2 f5 15. Nb3 a6 16. c5 Ba7 17. cxd6 Qxd6 18. f3 Qxd5 19. fxe4 fxe4 20. Rf4 Nf5 21. Qc2 Nxd4 22. Nxd4 Qxd4+ 23. Kh2 Qg1+ 24. Kg3 Rxf4 25. Kxf4 Rf8+ 26. Kg4 Qd4 27. Qb3+ Kh8 28. Be3 Qxe3 29. Qxe3 Bxe3 0-1

[Event "World School-ch U13 Girls"]
[Site "Sochi"]
[Date "2016.12.08"]
[Round "5"]
[White "Nanditha, V."]
[Black "Patru, Alexandra Ioana"]
[Result "1-0"]
[WhiteElo "1528"]
[BlackElo "1486"]
[PlyCount "81"]
[EventDate "2016.12.03"]
[EventType "swiss"]
[EventRounds "9"]
[EventCountry "RUS"]
[SourceTitle "EXT 2018"]
[Source "ChessBase"]
[SourceDate "2017.10.13"]
[SourceVersion "1"]
[SourceVersionDate "2017.10.13"]
[SourceQuality "1"]

1. e4 e5 2. Nf3 Nc6 3. Bb5 a6 4. Ba4 Nf6 5. 0-0 d6 6. Qe2 Be7 7. c3 0-0 8. h3 b5 9. Bc2 Bb7 10. Rd1 Re8 11. d4 Qc8 12. Bg5 h6 13. Bh4 Bd8 14. a4 Na7 15. dxe5 dxe5 16. Bg3 Nd7 17. Nbd2 Bf6 18. Nf1 Nb6 19. Ne3 c5 20. Nf5 Qc7 21. Nh2 Nd7 22. Ng4 Kh7 23. Rxd7 Qxd7 24. Nxf6+ gxf6 25. Qh5 Qxf5 26. Qxf5+ Kg7 27. Re1 Bc8 28. Qh5 Nc6 29. f4 Ra7 30. f5 Ne7 31. Re3 Ng8 32. Bf2 Kf8 33. Rg3 Rc7 34. Be3 Ke7 35. Rg7 Kd6 36. Rxf7 Ree7 37. Qd1+ Kc6 38. Qd5+ Kb6 39. a5+ Kxa5 40. Bxc5 Rxf7 41. b4# 1-0

[Event "ROM-ch U12 Girls"]
[Site "Calimanesti Caciulata"]
[Date "2016.04.25"]
[Round "9"]
[White "Obada, Ema"]
[Black "Patru, Alexandra Ioana"]
[Result "1/2-1/2"]
[WhiteElo "1607"]
[BlackElo "1510"]
[PlyCount "101"]
[EventDate "2016.04.18"]
[EventType "swiss"]
[EventRounds "9"]
[EventCountry "ROU"]
[SourceTitle "EXT 2017"]
[Source "ChessBase"]
[SourceDate "2016.10.25"]
[SourceVersion "1"]
[SourceVersionDate "2016.10.25"]
[SourceQuality "1"]

1. e4 e5 2. Nf3 Nc6 3. Bb5 a6 4. Ba4 d6 5. d4 b5 6. Bb3 Nxd4 7. Nxd4 exd4 8. Qxd4 c5 9. Qd3 c4 10. Bxc4 bxc4 11. Qxc4 Bd7 12. Nc3 Be7 13. 0-0 Nf6 14. Bf4 0-0 15. Rfd1 Bb5 16. Nxb5 axb5 17. Qxb5 Nxe4 18. Qd3 Nc5 19. Qd5 Na4 20. Qb3 Qb6 21. Qxb6 Nxb6 22. Be3 Nc4 23. Bd4 Rfc8 24. a4 Na5 25. Bc3 Rc4 26. Rd4 Rxd4 27. Bxd4 Nc6 28. Bc3 d5 29. b3 d4 30. Bb2 Nb4 31. Rc1 Bf6 32. Kf1 Rc8 33. Ke1 Bg5 34. Rd1 Re8+ 35. Kf1 Nxc2 36. g3 Bf6 37. Rd2 Rc8 38. Ke2 d3+ 39. Kxd3 Nb4+ 40. Ke2 Re8+ 41. Kd1 Bxb2 42. Rxb2 Rb8 43. Kd2 Rc8 44. h4 Kf8 45. Ke3 Ke7 46. Kd4 Nc2+ 47. Kd3 Nb4+ 48. Kd4 Nc2+ 49. Kd3 Nb4+ 50. Kd4 Nc2+ 51. Kd3 1/2-1/2

[Event "ROM-ch U12 Girls"]
[Site "Calimanesti Caciulata"]
[Date "2016.04.23"]
[Round "7"]
[White "Vulpe, Raisa Georgiana"]
[Black "Patru, Alexandra Ioana"]
[Result "0-1"]
[WhiteElo "1529"]
[BlackElo "1510"]
[PlyCount "66"]
[EventDate "2016.04.18"]
[EventType "swiss"]
[EventRounds "9"]
[EventCountry "ROU"]
[SourceTitle "CBM 172 Extra"]
[Source "ChessBase"]
[SourceDate "2016.06.21"]
[SourceVersion "1"]
[SourceVersionDate "2016.06.21"]
[SourceQuality "1"]

1. e4 e5 2. Nf3 Nc6 3. Bc4 Bc5 4. Qe2 Nf6 5. Ng5 0-0 6. Nxf7 Rxf7 7. Bxf7+ Kxf7 8. Qc4+ Ke8 9. Qxc5 Nxe4 10. Qe3 d5 11. d3 Nf6 12. 0-0 Qe7 13. Re1 Be6 14. c3 Kd7 15. f4 Ng4 16. Qg3 h5 17. h3 exf4 18. Bxf4 Nf6 19. Nd2 Rg8 20. Nf3 Qc5+ 21. d4 Qb6 22. Re2 Ne7 23. Rae1 Nf5 24. Qh2 Ne4 25. Ng5 Nxg5 26. Bxg5 Re8 27. g4 Nd6 28. Qe5 Ne4 29. gxh5 Bxh3 30. Qxg7+ Kc8 31. h6 Qe6 32. Kh2 Qd6+ 33. Kh1 Nf2+ 0-1

[Event "ROM-ch U12 Girls"]
[Site "Calimanesti Caciulata"]
[Date "2016.04.21"]
[Round "5"]
[White "Patru, Alexandra Ioana"]
[Black "Stan, Luciana Gabriela"]
[Result "1-0"]
[WhiteElo "1510"]
[BlackElo "1444"]
[PlyCount "125"]
[EventDate "2016.04.18"]
[EventType "swiss"]
[EventRounds "9"]
[EventCountry "ROU"]
[SourceTitle "CBM 172 Extra"]
[Source "ChessBase"]
[SourceDate "2016.06.21"]
[SourceVersion "1"]
[SourceVersionDate "2016.06.21"]
[SourceQuality "1"]

1. d4 d5 2. Nf3 Nf6 3. e3 c5 4. Bd3 Nc6 5. c3 Bg4 6. Nbd2 e6 7. h3 Bh5 8. 0-0 cxd4 9. exd4 Bd6 10. Qc2 0-0 11. Re1 Qc7 12. Bb5 a6 13. Bxc6 bxc6 14. b3 Bg6 15. Qd1 c5 16. c4 cxd4 17. Nxd4 Bc5 18. Bb2 Qb6 19. N2f3 dxc4 20. Qe2 cxb3 21. Nxb3 Bb4 22. Red1 Nd5 23. Rac1 Rfc8 24. Ne5 Bc3 25. Nxg6 hxg6 26. Rf1 Bxb2 27. Qxb2 Qb5 28. Rxc8+ Rxc8 29. Rc1 Rxc1+ 30. Qxc1 Qe2 31. Qd2 Qxd2 32. Nxd2 Kf8 33. Nb3 Ke7 34. Kf1 Kd6 35. Ke1 Kc6 36. g3 Kb5 37. Kd2 Kb4 38. Nc1 Ka3 39. Kc2 a5 40. Kb1 Nc3+ 41. Ka1 Ne4 42. Nd3 Ka4 43. Kb2 Kb5 44. Kb3 a4+ 45. Kc2 f6 46. h4 Nc5 47. Nxc5 Kxc5 48. Kc3 f5 49. f4 a3 50. Kb3 Kd4 51. Kxa3 Kc3 52. Ka4 Kc4 53. a3 Kd4 54. Kb5 Ke3 55. a4 Kf3 56. a5 Kxg3 57. a6 Kxf4 58. a7 e5 59. a8Q e4 60. Qe8 Kf3 61. Kc4 Kg4 62. Qxg6+ Kf3 63. Qxf5+ 1-0